Every One Direction Song - Statistics

General Stats
  • This quiz has been taken 32 times
  • The average score is 49 of 91
Answer Stats
Answer % Correct
What makes you beautiful
100%
One Thing
90%
Gotta be you
81%
Perfect
81%
I want
76%
Live while we're young
76%
Moments
76%
Up all night
76%
Drag me down
71%
I wish
71%
Kiss you
71%
Little things
71%
Night changes
71%
Steal my girl
71%
Taken
71%
Best song ever
67%
History
67%
Midnight memories
67%
More than this
67%
Diana
62%
Heart attack
62%
Last first kiss
62%
Rock me
62%
Story of my life
62%
Summer love
62%
Cmon cmon
57%
Fireproof
57%
Little white lies
57%
No control
57%
Olivia
57%
Save you tonight
57%
Stole my heart
57%
18
52%
A.M
52%
Fools gold
52%
Girl almighty
52%
Happily
52%
Little black dress
52%
Over again
52%
Same mistakes
52%
Stand up
52%
Stockholm syndrome
52%
Strong
52%
Temporary fix
52%
They don't know about us
52%
What a feeling
52%
You & I
52%
Act my age
48%
Change your ticket
48%
Clouds
48%
Does he know
48%
Everything about you
48%
Half a heart
48%
If I could fly
48%
Illusion
48%
I want to write you a song
48%
I would
48%
Long way down
48%
Love you goodbye
48%
Na na na
48%
One way or another
48%
Right now
48%
Spaces
48%
Still the one
48%
Through the dark
48%
Where do broken hearts go
48%
Why don't we go there
48%
Wolves
48%
Alive
43%
Better than words
43%
Change my mind
43%
Don't forget where you belong
43%
End of the day
43%
Hey angel
43%
Home
43%
Infinity
43%
Loved you first
43%
Never enough
43%
Nobody compares
43%
Once in a lifetime
43%
Ready to run
43%
She's not afraid
43%
Tell me a lie
43%
Back for you
38%
Irresistible
38%
I should have kissed you
38%
Something great
38%
Truly madly deeply
38%
Walking in the wind
38%
Magic
33%
Another world
29%
No matching quizzes found
Score Distribution
Percent of People with Each Score
Percentile by Number Answered
Your Score History
You have not taken this quiz